000 00677nam a2200217Ia 4500
003 GCL
008 140319s9999 xx 000 0 ara d
040 _aGCL /
_cGCL
082 0 4 _a341.69
_bا م
100 1 _aامير سالم
245 1 0 _aمحكمة سيناء الدولية لمحاكمة مجرمى الحرب الاسرائيليين /
_cامير سالم
300 _a177 ص
490 _a
650 0 4 _aالقانون الدولى
650 0 4 _aالقانون الدستورى
650 0 4 _aالحروب العربية الاسرائيلية
650 0 4 _aسيناء
650 0 4 _aاسرى الحرب
650 0 4 _aجرائم الحرب
942 _2ddc
_cBK
999 _c38084
_d38084